Central Library OPAC University of Rajshahi

Communication in social work / (Record no. 5888)

MARC details
000 -LEADER
fixed length control field 00988pam a2200301 4500
001 - CONTROL NUMBER
control field 5888
003 - CONTROL NUMBER IDENTIFIER
rucl marc code BD-RjUL
005 - DATE AND TIME OF LATEST TRANSACTION
control field 20211208234140.0
008 - FIXED-LENGTH DATA ELEMENTS--GENERAL INFORMATION
fixed length control field 140108s1972 enk b 001 0 eng
020 ## - INTERNATIONAL STANDARD BOOK NUMBER
International Standard Book Number 0080170641
-- 008017065X (pbk)
035 ## - SYSTEM CONTROL NUMBER
System control number (BD-RjUL)5927
040 ## - CATALOGING SOURCE
Original cataloging agency DLC
Transcribing agency DLC
Modifying agency DLC
-- BD-RjUL
Language of cataloging eng
041 ## - LANGUAGE CODE
Language code of text/sound track or separate title eng
082 00 - DEWEY DECIMAL CLASSIFICATION NUMBER
Classification number 361
Author mark and year DAC 1972
100 1# - MAIN ENTRY--PERSONAL NAME
Personal name Day, Peter Russell,
Dates associated with a name 1933-
9 (RLIN) 18508
245 10 - TITLE STATEMENT
Title Communication in social work /
Statement of responsibility, etc. Peter R. Day.
250 ## - EDITION STATEMENT
Edition statement [1st ed.]
260 ## - PUBLICATION, DISTRIBUTION, ETC. (IMPRINT)
Place of publication, distribution, etc. Oxford ;
-- New York :
Name of publisher, distributor, etc. Pergamon Press ,
Date of publication, distribution, etc. c1972
300 ## - PHYSICAL DESCRIPTION
Pagination vii, 121 p. ;
Size 21 cm.
490 0# - SERIES STATEMENT
Series statement Commonwealth and international library. Social work division
504 ## - BIBLIOGRAPHY, ETC. NOTE
Bibliography, etc Bibliography: p. 111-115. and index.
650 #0 - SUBJECT ADDED ENTRY--TOPICAL TERM
Topical term or geographic name as entry element Social service.
9 (RLIN) 18509
Topical term or geographic name as entry element Communication
General subdivision Social aspects.
9 (RLIN) 2735
856 ## - ELECTRONIC LOCATION AND ACCESS
Uniform Resource Identifier <a href="http://www.worldcat.org/title/communication-in-social-work/oclc/416950&referer=brief_results">http://www.worldcat.org/title/communication-in-social-work/oclc/416950&referer=brief_results</a>
942 ## - ADDED ENTRY ELEMENTS (KOHA)
Source of classification or shelving scheme Dewey Decimal Classification
Koha item type Books
Holdings
Lost status Source of classification or shelving scheme Damaged status Not for loan Collection code Permanent Location Current Location Shelving location Date acquired Source of acquisition Cost, normal purchase price Total Checkouts Full call number Date last seen Copy number Koha item type
  Dewey Decimal Classification   Not For Loan Non-fiction Central Library, University of Rajshahi Central Library, University of Rajshahi   30/10/1978 Helfers, London 5.00   361 DAC 1972 08/01/2014 C-1 Books
  Dewey Decimal Classification     Non-fiction Central Library, University of Rajshahi Central Library, University of Rajshahi   30/10/1978 Helfers, London 5.00   361 DAC 1972 21/08/2016 C-2 Books